[Event "Travemuende op 25th"]
[Site "Travemuende"]
[Date "2008.12.28"]
[Round "3"]
[White "Reebehn, Heinrich"]
[Black "Wagner, Dennis"]
[Result "0-1"]
[WhiteElo "1740"]
[BlackElo "2000"]
[PlyCount "54"]
[EventDate "2008.12.27"]
[EventType "swiss"]
[EventRounds "7"]
[EventCountry "GER"]
[SourceTitle "EXT 2022"]
[Source "ChessBase"]
[SourceDate "2021.10.06"]
[SourceVersion "1"]
[SourceVersionDate "2021.10.06"]
[SourceQuality "1"]

1. d4 d5 2. c4 c6 3. Nc3 Nf6 4. Bg5 e6 5. Nf3 Nbd7 6. Qc2 Be7 7. e3 0-0 8. Bd3 Re8 9. b3 h6 10. Bf4 a6 11. e4 dxe4 12. Nxe4 Nxe4 13. Bxe4 c5 14. Rd1 cxd4 15. 0-0 Bf6 16. Qd2 e5 17. Bg3 Nc5 18. Bb1 Bg4 19. b4 Na4 20. Qc2 Nc3 21. Qh7+ Kf8 22. Rxd4 Ne2+ 23. Kh1 Nxd4 24. Nd2 Qc8 25. f4 Bf5 26. Bxf5 Qxf5 27. Qxf5 Nxf5 0-1

[Event "Travemuende op 21th"]
[Site "Travemuende"]
[Date "2004.12.27"]
[Round "1"]
[White "Reebehn, Heinrich"]
[Black "Meister, Jakob"]
[Result "0-1"]
[WhiteElo "1819"]
[BlackElo "2505"]
[PlyCount "94"]
[EventDate "2004.12.27"]
[EventType "swiss"]
[EventRounds "7"]
[EventCountry "GER"]
[SourceTitle "EXT 2006"]
[Source "ChessBase"]
[SourceDate "2005.11.24"]
[SourceVersion "1"]
[SourceVersionDate "2005.11.24"]
[SourceQuality "1"]

1. d4 Nf6 2. c4 e6 3. Nc3 Bb4 4. Qc2 c5 5. e3 0-0 6. Nf3 d5 7. a3 cxd4 8. Nxd4 Bc5 9. Nf3 a5 10. Bd3 Nc6 11. cxd5 exd5 12. 0-0 Bg4 13. Be2 Qe7 14. Re1 Rac8 15. Qd1 Rfd8 16. Nd4 Bxe2 17. Ncxe2 Ne4 18. Nxc6 Rxc6 19. Nd4 Rg6 20. f3 Ng5 21. Kh1 Ne6 22. Bd2 Bb6 23. Bc3 Bxd4 24. exd4 b6 25. Re5 Qd7 26. Qd2 Nf8 27. Rae1 Re6 28. f4 Rxe5 29. fxe5 Rc8 30. Qe3 Rc6 31. Rf1 Rg6 32. h3 Ne6 33. Rf3 Ng5 34. Rg3 Ne4 35. Rxg6 hxg6 36. Be1 g5 37. Bc3 g4 38. hxg4 Qxg4 39. Be1 Qd1 40. Kh2 a4 41. Bb4 g5 42. Qf3 Qxd4 43. Qf5 Qf2 44. Qc8+ Kh7 45. Qe8 Qf4+ 46. Kg1 Ng3 47. e6 Ne2+ 0-1